[Event "GM Round Robin-Orbis 2018"]
[Site "Paracin hotel Orbis"]
[Date "2018.07.18"]
[Round "7.4"]
[White "Ikeda, Junta"]
[Black "Djordjevic, Vuk"]
[Result "0-1"]
[BlackElo "2403"]
[WhiteElo "2437"]
[LiveChessVersion "1.4.8"]

1. Nf3 Nf6 2. g3 d5 3. Bg2 e6 4. O-O Be7 5. c4 O-O 6. b3 d4 7. e3 c5 8. exd4 cxd4
9. Re1 Nc6 10. d3 Re8 11. a3 a5 12. Ra2 Nd7 13. h4 h6 14. Nh2 Qc7 15. Rae2 b6 16.
f4 Bb7 17. Nd2 Nc5 18. Ndf3 Bd6 19. Ng4 Red8 20. Nge5 Ne7 21. Bb2 Nf5 22. g4 Ne3
23. Rxe3 dxe3 24. g5 h5 25. g6 fxg6 26. Rxe3 Rf8 27. Nxg6 Bxf4 28. Re1 Rf5 29. b4
axb4 30. axb4 Ra2 31. Re2 Bxf3 32. Bxf3 Be3+ 33. Kg2 Na4 34. Be5 Rxe2+ 35. Bxe2
Rf2+ 36. Kg3 Qb7 37. Bf3 Qf7 38. Be4 Rd2 39. Qf3 Bf2+ 40. Kh3 Qxf3+ 41. Bxf3 Rxd3
42. Kg2 Rd2 43. Kh3 Nb2 44. c5 bxc5 45. bxc5 Bxc5 46. Bxh5 Nd3 47. Bc7 Nf2+ 48.
Kg3 Ne4+ 49. Kh3 Nf6 50. Bf3 Bd6 51. Bxd6 Rxd6 52. Kg3 Rd4 53. Ne5 Kf8 54. Ng6+
Kg8 55. Ne5 Ra4 56. Bc6 Ra5 57. Kf4 Kf8 58. Bf3 Rc5 59. Bg2 Ke7 60. Bf3 Nd7 61.
Nd3 Ra5 62. Nf2 Rf5+ 63. Kg3 Nf6 64. Nh3 Rb5 65. Ng5 Rb4 66. Kh3 Rb3 67. Kg2 e5
68. Kf2 Ra3 69. Kg2 Kd6 70. Nf7+ Ke6 71. Ng5+ Kf5 72. Bb7 Rc3 0-1

[Event "GM Round Robin-Orbis 2018"]
[Site "Paracin hotel Orbis"]
[Date "2018.07.18"]
[Round "7.5"]
[White "Raghunandan, Kaumandur Srihari"]
[Black "Yilmazyerli, Mert"]
[Result "0-1"]
[BlackElo "2491"]
[WhiteElo "2417"]
[LiveChessVersion "1.4.8"]

1. e4 c6 2. d4 d5 3. e5 c5 4. dxc5 Nc6 5. Nf3 e6 6. a3 Bxc5 7. b4 Bb6 8. Bb2 Nge7
9. Bd3 Ng6 10. O-O Nf4 11. Re1 Nxd3 12. Qxd3 O-O 13. Nbd2 Bd7 14. c4 dxc4 15.
Nxc4 Ne7 16. Nxb6 axb6 17. b5 Ra4 18. Ng5 Nf5 19. Ne4 Qe8 20. Nc3 Rd4 21. Qf3 Rd2
22. Bc1 Rd4 23. a4 Qc8 24. Ba3 Rd8 25. Rac1 Qa8 26. g4 Nh4 27. Qg3 Ng6 28. Rcd1
Be8 29. Bd6 Rc4 30. h3 Rdc8 31. Re3 Qa5 32. Ne4 Qxa4 33. Rde1 Bxb5 34. Nc3 Qa5
35. Ne4 Rc1 36. Rxc1 Rxc1+ 37. Kh2 Qa1 38. Qf3 Nxe5 39. Bxe5 Qxe5+ 40. Ng3 Qb8
41. Kg2 Bc6 42. Ne4 Qe5 43. Rd3 g6 44. Re3 Rc4 0-1

[Event "GM Round Robin-Orbis 2018"]
[Site "Paracin hotel Orbis"]
[Date "2018.07.19"]
[Round "8.1"]
[White "Atalik, Suat"]
[Black "Yilmazyerli, Mert"]
[Result "1-0"]
[BlackElo "2491"]
[WhiteElo "2509"]
[LiveChessVersion "1.4.8"]

1. d4 {[%clk 1:30:57]} e6 {[%clk 1:30:08]} 2. Nf3 {[%clk 1:31:14]} c5
{[%clk 1:29:33]} 3. c4 {[%clk 1:31:05]} cxd4 {[%clk 1:29:42]} 4. Nxd4
{[%clk 1:31:29]} Nf6 {[%clk 1:29:22]} 5. Nc3 {[%clk 1:31:41]} a6 {[%clk 1:28:21]}
6. g3 {[%clk 1:30:51]} Qc7 {[%clk 1:26:37]} 7. Qd3 {[%clk 1:30:41]} b6
{[%clk 1:24:18]} 8. Bg2 {[%clk 1:29:06]} Bb7 {[%clk 1:24:16]} 9. Bf4
{[%clk 1:20:07]} d6 {[%clk 1:12:52]} 10. Bxb7 {[%clk 1:20:09]} Qxb7
{[%clk 1:11:43]} 11. Nf3 {[%clk 1:20:21]} Nc6 {[%clk 1:09:40]} 12. O-O
{[%clk 1:18:09]} Be7 {[%clk 1:09:14]} 13. Rfd1 {[%clk 1:13:59]} O-O
{[%clk 1:07:14]} 14. Ne4 {[%clk 1:09:02]} d5 {[%clk 1:00:30]} 15. Nxf6+
{[%clk 1:04:04]} Bxf6 {[%clk 1:00:54]} 16. cxd5 {[%clk 1:04:30]} Nb4
{[%clk 1:00:36]} 17. Qe4 {[%clk 1:03:53]} Nxd5 {[%clk 0:58:29]} 18. Be5
{[%clk 0:58:43]} Bxe5 {[%clk 0:56:29]} 19. Nxe5 {[%clk 0:56:48]} Rac8
{[%clk 0:56:14]} 20. Rac1 {[%clk 0:51:20]} Rc7 {[%clk 0:50:28]} 21. Nd3
{[%clk 0:50:05]} Rfc8 {[%clk 0:47:15]} 22. Rxc7 {[%clk 0:49:47]} Qxc7
{[%clk 0:46:31]} 23. Qd4 {[%clk 0:47:03]} h6 {[%clk 0:36:08]} 24. Rc1
{[%clk 0:41:00]} Qb7 {[%clk 0:36:33]} 25. Rxc8+ {[%clk 0:41:05]} Qxc8
{[%clk 0:35:13]} 26. e4 {[%clk 0:39:27]} Nf6 {[%clk 0:31:36]} 27. f3 Qc7 28. Ne5
{[%clk 0:34:45]} Kh7 {[%clk 0:28:53]} 29. Qc3 {[%clk 0:34:31]} Qxc3
{[%clk 0:27:49]} 30. bxc3 {[%clk 0:33:48]} Kg8 {[%clk 0:28:13]} 31. Kf2
{[%clk 0:30:46]} Kf8 {[%clk 0:28:18]} 32. Ke3 {[%clk 0:28:58]} Ke7
{[%clk 0:27:36]} 33. Kd4 {[%clk 0:29:10]} Nd7 {[%clk 0:27:42]} 34. Nd3 Kd6 35.
e5+ {[%clk 0:21:40]} Kc6 {[%clk 0:26:10]} 36. a4 {[%clk 0:21:43]} Nc5
{[%clk 0:23:03]} 37. Nxc5 {[%clk 0:21:51]} bxc5+ {[%clk 0:23:28]} 38. Kc4
{[%clk 0:22:18]} Kb6 {[%clk 0:18:15]} 39. f4 {[%clk 0:10:08]} Ka5
{[%clk 0:14:44]} 40. Kxc5 {[%clk 0:36:35]} Kxa4 {[%clk 0:44:47]} 41. Kd6
{[%clk 0:37:01]} 1-0

[Event "GM Round Robin-Orbis 2018"]
[Site "Paracin hotel Orbis"]
[Date "2018.07.19"]
[Round "8.2"]
[White "Djordjevic, Vuk"]
[Black "Raghunandan, Kaumandur Srihari"]
[Result "1/2-1/2"]
[BlackElo "2417"]
[WhiteElo "2403"]
[LiveChessVersion "1.4.8"]

1. d4 {[%clk 1:30:53]} Nf6 {[%clk 1:30:54]} 2. Bg5 {[%clk 1:31:19]} c5
{[%clk 1:31:18]} 3. Bxf6 {[%clk 1:31:32]} gxf6 {[%clk 1:31:41]} 4. dxc5
{[%clk 1:31:52]} Qa5+ {[%clk 1:28:50]} 5. c3 {[%clk 1:31:59]} Qxc5
{[%clk 1:29:14]} 6. g3 {[%clk 1:32:03]} Nc6 {[%clk 1:27:01]} 7. Bg2
{[%clk 1:31:24]} f5 {[%clk 1:26:25]} 8. Nd2 {[%clk 1:26:44]} Bg7 {[%clk 1:26:08]}
9. Nh3 {[%clk 1:25:15]} h5 {[%clk 1:25:35]} 10. Nf4 {[%clk 1:19:43]} h4
{[%clk 1:19:50]} 11. Nb3 {[%clk 0:52:56]} Qe5 {[%clk 1:15:16]} 12. e3
{[%clk 0:42:48]} e6 {[%clk 1:15:17]} 13. Qe2 {[%clk 0:35:32]} hxg3
{[%clk 1:10:27]} 14. fxg3 {[%clk 0:33:11]} d5 {[%clk 1:07:35]} 15. O-O
{[%clk 0:29:36]} Bd7 {[%clk 0:54:40]} 16. Rac1 {[%clk 0:23:55]} O-O-O
{[%clk 0:53:25]} 17. Rfd1 {[%clk 0:19:43]} Kb8 {[%clk 0:49:10]} 18. c4
{[%clk 0:10:11]} dxc4 {[%clk 0:49:13]} 19. Rxc4 {[%clk 0:10:26]} Qxb2
{[%clk 0:24:34]} 20. Rc2 {[%clk 0:10:41]} Qa3 {[%clk 0:22:21]} 21. Nc5
{[%clk 0:09:53]} Bc8 {[%clk 0:15:11]} 22. Bxc6 {[%clk 0:03:03]} bxc6
{[%clk 0:13:54]} 23. Rb1+ {[%clk 0:01:48]} Kc7 {[%clk 0:13:58]} 24. Qf3
{[%clk 0:01:22]} Rd6 {[%clk 0:14:00]} 25. Rbc1 {[%clk 0:01:14]} Kd8
{[%clk 0:10:02]} 26. Ncd3 {[%clk 0:00:38]} Bd7 {[%clk 0:09:17]} 27. Nc5
{[%clk 0:00:40]} Bd4 {[%clk 0:07:11]} 28. Nb7+ {[%clk 0:00:33]} Ke7
{[%clk 0:03:36]} 29. Kg2 {[%clk 0:00:33]} Qxe3 {[%clk 0:02:47]} 30. Qxe3
{[%clk 0:00:35]} Bxe3 {[%clk 0:03:12]} 31. Nxd6 {[%clk 0:00:58]} Kxd6
{[%clk 0:02:25]} 32. Rd1+ {[%clk 0:00:47]} Kc7 {[%clk 0:01:42]} 33. Nd3
{[%clk 0:00:34]} Be8 {[%clk 0:00:53]} 34. Re1 {[%clk 0:00:39]} Bd4
{[%clk 0:01:04]} 35. Rc4 {[%clk 0:00:34]} c5 {[%clk 0:00:50]} 36. Nxc5
{[%clk 0:00:46]} Bc6+ {[%clk 0:01:08]} 37. Kf1 {[%clk 0:00:35]} Bb5
{[%clk 0:00:35]} 38. Nxe6+ {[%clk 0:01:01]} Kd7 {[%clk 0:00:34]} 39. Nxd4
{[%clk 0:01:16]} Bxc4+ {[%clk 0:00:59]} 40. Kg1 {[%clk 0:31:33]} Bxa2
{[%clk 0:31:04]} 41. Ra1 {[%clk 0:31:29]} Be6 {[%clk 0:31:29]} 42. Rxa7+
{[%clk 0:31:48]} Kd6 {[%clk 0:31:55]} 43. Ra5 {[%clk 0:26:15]} f4
{[%clk 0:27:18]} 44. gxf4 {[%clk 0:25:28]} Rh4 {[%clk 0:27:35]} 45. Ra6+
{[%clk 0:23:36]} Kd5 {[%clk 0:23:15]} 46. Nxe6 {[%clk 0:22:54]} fxe6
{[%clk 0:23:39]} 47. Ra4 {[%clk 0:23:18]} e5 {[%clk 0:24:00]} 48. Ra5+
{[%clk 0:23:03]} Ke6 {[%clk 0:24:22]} 49. fxe5 {[%clk 0:22:59]} Re4
{[%clk 0:24:43]} 50. Kg2 {[%clk 0:23:01]} Rxe5 {[%clk 0:25:08]} 51. Rxe5+ 1/2-1/2

[Event "GM Round Robin-Orbis 2018"]
[Site "Paracin hotel Orbis"]
[Date "2018.07.19"]
[Round "8.3"]
[White "Raja, Rithvik R"]
[Black "Ikeda, Junta"]
[Result "1/2-1/2"]
[BlackElo "2437"]
[WhiteElo "2343"]
[LiveChessVersion "1.4.8"]

1. Nf3 {[%clk 1:29:58]} f5 {[%clk 1:30:55]} 2. d3 {[%clk 1:30:11]} d6
{[%clk 1:31:11]} 3. e4 {[%clk 1:30:37]} Nf6 {[%clk 1:31:37]} 4. exf5
{[%clk 1:30:57]} Bxf5 {[%clk 1:32:01]} 5. d4 {[%clk 1:31:23]} Qd7
{[%clk 1:31:15]} 6. Nc3 {[%clk 1:31:44]} e6 {[%clk 1:30:05]} 7. Bd3
{[%clk 1:31:22]} Bxd3 {[%clk 1:29:41]} 8. Qxd3 {[%clk 1:30:28]} Nc6
{[%clk 1:29:30]} 9. Bg5 {[%clk 1:28:31]} Be7 {[%clk 1:22:35]} 10. O-O-O
{[%clk 1:26:02]} O-O-O {[%clk 1:17:44]} 11. Kb1 {[%clk 1:20:53]} Rde8
{[%clk 1:11:37]} 12. Rhe1 {[%clk 1:17:04]} a6 {[%clk 0:58:38]} 13. a3
{[%clk 1:08:51]} Bd8 {[%clk 0:49:44]} 14. h3 {[%clk 1:01:55]} g6 {[%clk 0:43:40]}
15. Bxf6 {[%clk 0:44:30]} Bxf6 {[%clk 0:44:04]} 16. Re2 {[%clk 0:44:55]} d5
{[%clk 0:36:33]} 17. Rde1 {[%clk 0:43:10]} Qd6 {[%clk 0:36:12]} 18. h4
{[%clk 0:36:39]} 1/2-1/2

[Event "GM Round Robin-Orbis 2018"]
[Site "Paracin hotel Orbis"]
[Date "2018.07.19"]
[Round "8.4"]
[White "Lorparizangeneh, Shahin"]
[Black "Peng, Shunkai"]
[Result "1/2-1/2"]
[BlackElo "2390"]
[WhiteElo "2493"]
[LiveChessVersion "1.4.8"]

1. c4 e6 2. Nc3 d5 3. d4 a6 4. cxd5 exd5 5. Bf4 Nf6 6. e3 c6 7. Bd3 Bd6 8. Qf3
Bxf4 9. Qxf4 O-O 10. Nge2 Re8 11. h3 Nbd7 12. Qd6 Nb6 13. Qxd8 Rxd8 14. f3 Ne8
15. Kf2 Nd6 16. g4 Re8 17. b3 Bd7 18. a4 a5 19. Nf4 Rac8 20. Rac1 Na8 21. Rhe1
Nc7 22. e4 dxe4 23. fxe4 f6 24. e5 fxe5 25. dxe5 Nf7 26. Bc4 Be6 27. Nxe6 Nxe6
28. Ne4 Rcd8 29. Rcd1 Kf8 30. Nd6 Nxd6 31. exd6 Nf4 32. Rh1 Re5 33. Rhf1 b5 34.
axb5 cxb5 35. Rd4 g5 36. Bd3 Ne6 37. Re4 Rxe4 38. Bxe4 Rxd6 39. Bxh7 Kg7 40. Bf5
Nd4 41. Bd3 Rd5 42. Rb1 Kf6 43. Ke3 Ke5 44. b4 a4 45. Rc1 Nb3 46. Rc3 Kd6 47. Bc2
Re5+ 48. Kd3 Nc1+ 49. Kd2 Na2 50. Rd3+ Rd5 51. Rxd5+ Kxd5 52. Bd3 a3 53. Bxb5 Kd4
54. Kc2 Nxb4+ 55. Kb3 a2 56. Kb2 Ke4 57. Bd7 Kf4 58. Bc8 Ke5 59. Ka1 Kd4 60. Kb2
Ke4 61. Bf5+ Kf4 62. Bc8 Kg3 63. Ka1 Kxh3 64. Kb2 Kg3 65. Ka1 Kf4 66. Kb2 Ke5 67.
Ka1 Ke4 68. Kb2 Kd3 69. Bf5+ Kd2 70. Bc8 Ke3 71. Ka1 Kf4 72. Kb2 Nc2 73. Kxa2 Ne3
74. Kb3 Nxg4 75. Kc3 Ne3 76. Kd3 Nf5 77. Ke2 g4 78. Bxf5 Kxf5 79. Kf2 Kf4 80. Kg2
g3 81. Kg1 Kg5 82. Kg2 Kh4 83. Kg1 1/2-1/2

[Event "GM Round Robin-Orbis 2018"]
[Site "Paracin hotel Orbis"]
[Date "2018.07.19"]
[Round "8.5"]
[White "Savic, Miodrag R"]
[Black "Radovanovic, Mihajlo"]
[Result "1/2-1/2"]
[BlackElo "2402"]
[WhiteElo "2541"]
[LiveChessVersion "1.4.8"]

1. e4 c5 2. c3 d5 3. exd5 Qxd5 4. Nf3 g6 5. Na3 Bg7 6. Bc4 Qe4+ 7. Be2 Nf6 8. d4
cxd4 9. Nb5 O-O 10. cxd4 Nc6 11. O-O Nd5 12. Bd3 Qg4 13. h3 Qd7 14. Be4 Nf6 15.
Bb1 b6 16. Re1 Bb7 17. a3 Rad8 18. Nc3 Nxd4 19. Nxd4 Qxd4 20. Qxd4 Rxd4 21. Nb5
Rd5 22. a4 Rfd8 23. Bc2 Rc5 24. Bb3 Bd5 25. Bd1 Rd7 26. Be3 Rc8 27. Be2 Ne4 28.
Rac1 Rxc1 29. Rxc1 Bxb2 30. Rc8+ Kg7 31. Bf3 Be5 32. Rc1 Nf6 33. Be2 Bb3 34. f4
Bd6 35. Nxd6 Rxd6 36. Bb5 Be6 37. Rc7 Bd7 38. Rxa7 Bxb5 39. axb5 Nd5 40. Bc1 f6
41. Ba3 Re6 42. Rd7 Re3 43. Rxd5 Rxa3 44. Rd7 Re3 45. Kf2 Re6 46. Kf3 h5 47. Rb7
Kf7 48. g3 f5 49. g4 h4 50. Rb8 Rd6 51. Ke3 fxg4 52. hxg4 Rd1 53. Rh8 Rh1 54. Kf2
Rh2+ 55. Kf3 Rh3+ 56. Kf2 Rb3 57. Rxh4 Rxb5 58. Rh7+ Kf8 59. Kg3 Rb1 60. Rh8+ Kf7
61. Rb8 Kf6 62. Rf8+ Kg7 63. Rb8 g5 64. fxg5 b5 65. Rb7 Kf7 66. Kf4 b4 67. Kf5
Rf1+ 68. Ke5 Kg6 69. Rxb4 1/2-1/2

[Event "GM Round Robin-Orbis 2018"]
[Site "Paracin hotel Orbis"]
[Date "2018.07.20"]
[Round "9.1"]
[White "Radovanovic, Mihajlo"]
[Black "Atalik, Suat"]
[Result "1/2-1/2"]
[BlackElo "2509"]
[WhiteElo "2402"]
[LiveChessVersion "1.4.8"]

1. Nf3 {[%clk 1:29:04]} Nf6 {[%clk 1:30:44]} 2. g3 {[%clk 1:29:29]} g6
{[%clk 1:30:54]} 3. b3 {[%clk 1:28:21]} b6 {[%clk 1:31:12]} 4. Bb2
{[%clk 1:28:45]} Bg7 {[%clk 1:31:36]} 5. Bg2 {[%clk 1:28:10]} Bb7
{[%clk 1:31:58]} 6. O-O {[%clk 1:28:29]} O-O {[%clk 1:32:23]} 7. c4
{[%clk 1:28:39]} d6 {[%clk 1:31:26]} 8. d4 {[%clk 1:27:08]} e6 {[%clk 1:31:49]}
9. Nc3 {[%clk 1:27:10]} c5 {[%clk 1:30:29]} 10. Qd2 {[%clk 1:20:41]} Qe7
{[%clk 1:22:40]} 11. Rad1 {[%clk 1:15:32]} Na6 {[%clk 1:19:19]} 12. Rfe1
{[%clk 1:10:10]} d5 {[%clk 1:16:29]} 13. cxd5 {[%clk 1:09:19]} exd5
{[%clk 1:16:47]} 1/2-1/2

[Event "GM Round Robin-Orbis 2018"]
[Site "Paracin hotel Orbis"]
[Date "2018.07.20"]
[Round "9.2"]
[White "Peng, Shunkai"]
[Black "Savic, Miodrag R"]
[Result "1/2-1/2"]
[BlackElo "2541"]
[WhiteElo "2390"]
[LiveChessVersion "1.4.8"]

1. e4 {[%clk 1:30:57]} e5 {[%clk 1:30:47]} 2. Nf3 {[%clk 1:31:14]} Nc6
{[%clk 1:31:06]} 3. Bc4 {[%clk 1:31:19]} Bc5 {[%clk 1:31:21]} 4. c3
{[%clk 1:31:37]} Nf6 {[%clk 1:31:44]} 5. d3 {[%clk 1:32:00]} a6 {[%clk 1:32:00]}
6. O-O {[%clk 1:32:15]} Ba7 {[%clk 1:32:07]} 7. Nbd2 {[%clk 1:32:24]} d6
{[%clk 1:32:24]} 8. Bb3 {[%clk 1:32:43]} h6 {[%clk 1:32:38]} 9. h3
{[%clk 1:33:02]} Ne7 {[%clk 1:32:55]} 10. Re1 {[%clk 1:33:16]} Ng6
{[%clk 1:33:18]} 11. Nf1 {[%clk 1:33:35]} O-O {[%clk 1:33:34]} 1/2-1/2

[Event "GM Round Robin-Orbis 2018"]
[Site "Paracin hotel Orbis"]
[Date "2018.07.20"]
[Round "9.3"]
[White "Ikeda, Junta"]
[Black "Lorparizangeneh, Shahin"]
[Result "1/2-1/2"]
[BlackElo "2493"]
[WhiteElo "2437"]
[LiveChessVersion "1.4.8"]

1. e4 {[%clk 1:30:56]} e6 {[%clk 1:25:30]} 2. d4 {[%clk 1:31:15]} d5
{[%clk 1:25:52]} 3. Nd2 {[%clk 1:31:38]} c5 {[%clk 1:26:05]} 4. Ngf3
{[%clk 1:31:54]} cxd4 {[%clk 1:26:15]} 5. Nxd4 {[%clk 1:31:59]} Nc6
{[%clk 1:26:32]} 6. Bb5 {[%clk 1:32:00]} Bd7 {[%clk 1:26:49]} 7. Nxc6
{[%clk 1:32:09]} Bxc6 {[%clk 1:27:07]} 8. Bxc6+ {[%clk 1:32:06]} bxc6
{[%clk 1:27:30]} 9. c4 {[%clk 1:32:10]} Bc5 {[%clk 1:27:22]} 10. Qa4
{[%clk 1:30:51]} Ne7 {[%clk 1:27:43]} 11. exd5 {[%clk 1:30:15]} exd5
{[%clk 1:28:03]} 12. Nb3 {[%clk 1:29:40]} Bb6 {[%clk 1:27:19]} 13. c5
{[%clk 1:28:22]} Bc7 {[%clk 1:27:38]} 14. O-O {[%clk 1:28:24]} O-O
{[%clk 1:27:54]} 15. Bg5 {[%clk 1:25:01]} f6 {[%clk 1:28:07]} 16. Bf4
{[%clk 1:24:37]} Bxf4 {[%clk 1:28:06]} 1/2-1/2

[Event "GM Round Robin-Orbis 2018"]
[Site "Paracin hotel Orbis"]
[Date "2018.07.20"]
[Round "9.4"]
[White "Raghunandan, Kaumandur Srihari"]
[Black "Raja, Rithvik R"]
[Result "1/2-1/2"]
[BlackElo "2343"]
[WhiteElo "2417"]
[LiveChessVersion "1.4.8"]

1. e4 c5 2. Nf3 d6 3. Bb5+ Nd7 4. O-O Ngf6 5. Re1 a6 6. Bf1 b6 7. d4 cxd4 8. Nxd4
Bb7 9. c4 e6 10. Nc3 Be7 11. f3 O-O 12. a4 Rc8 13. Be3 Ne5 14. Qb3 Qc7 15. Rac1
Nfd7 16. Red1 Rfe8 17. Qa2 Qb8 18. b3 Bd8 19. Qf2 Bc7 20. g3 Qa8 21. Bg2 h5 22.
h3 Nc5 23. Qe2 h4 24. gxh4 Ncd7 25. f4 Ng6 26. h5 Ngf8 27. h6 g6 28. Nf3 Nh7 29.
Ng5 Ndf6 30. Bd4 Nh5 31. Qf2 f6 32. Nxh7 Kxh7 33. Bxb6 Bxb6 34. Qxb6 Nxf4 35.
Rxd6 Kxh6 36. Qe3 g5 37. h4 Rcd8 38. hxg5+ fxg5 39. c5 Rxd6 40. cxd6 Rd8 41. Rd1
Qc8 42. Bf1 e5 43. Rd2 Qc6 44. Nd5 Qxd6 45. Nxf4 Qxd2 46. Qh3+ Kg7 47. Ne6+ Kg8
48. Nxd8 Qd4+ 49. Kh2 Qxd8 50. Qe6+ Kg7 51. Qxe5+ Qf6 52. Qc7+ Qf7 53. Qxf7+ Kxf7
54. b4 Ke6 55. Kg3 a5 56. bxa5 Bxe4 57. Kg4 Kd6 58. Kxg5 Kc7 59. Bb5 Kb7 60. Kf4
Bh1 1/2-1/2

[Event "GM Round Robin-Orbis 2018"]
[Site "Paracin hotel Orbis"]
[Date "2018.07.20"]
[Round "9.5"]
[White "Yilmazyerli, Mert"]
[Black "Djordjevic, Vuk"]
[Result "1/2-1/2"]
[BlackElo "2403"]
[WhiteElo "2491"]
[LiveChessVersion "1.4.8"]

1. Nf3 Nf6 2. g3 d5 3. Bg2 e6 4. O-O Be7 5. d4 O-O 6. c4 dxc4 7. Qc2 a6 8. a4 Bd7
9. Ne5 Bc6 10. Nxc6 Nxc6 11. e3 Na5 12. Nd2 c5 13. dxc5 Rc8 14. b4 cxb3 15. Nxb3
Nxb3 16. Qxb3 Nd7 17. Ba3 Nxc5 18. Bxc5 Bxc5 1/2-1/2